<?xml version="1.0" encoding="UTF-8"?>
<record
    xmlns:xsi="http://www.w3.org/2001/XMLSchema-instance"
    xsi:schemaLocation="http://www.loc.gov/MARC21/slim http://www.loc.gov/standards/marcxml/schema/MARC21slim.xsd"
    xmlns="http://www.loc.gov/MARC21/slim">

  <leader>00814nas a2200229 454500</leader>
  <controlfield tag="001">20495</controlfield>
  <controlfield tag="005">20260407193506.0</controlfield>
  <controlfield tag="008">260407s1967####ag###########|||spa#d</controlfield>
  <controlfield tag="003">AR-UNSa-BCEJYS</controlfield>
  <datafield tag="040" ind1=" " ind2=" ">
    <subfield code="a">AR-UNSa-BCEJYS</subfield>
    <subfield code="b">spa</subfield>
    <subfield code="c">AR-UNSa-BCEJYS</subfield>
  </datafield>
  <datafield tag="080" ind1=" " ind2=" ">
    <subfield code="a">339.9</subfield>
    <subfield code="x">Econom&#xED;a internacional en general. Relaciones econ&#xF3;micas internacionales. Econom&#xED;a mundial </subfield>
  </datafield>
  <datafield tag="245" ind1="1" ind2="0">
    <subfield code="a">Staff papers</subfield>
  </datafield>
  <datafield tag="022" ind1=" " ind2=" ">
    <subfield code="a">0020-8027</subfield>
  </datafield>
  <datafield tag="264" ind1=" " ind2="1">
    <subfield code="a">Washington :</subfield>
    <subfield code="b">Fondo Monetario Internacional</subfield>
    <subfield code="c">1967</subfield>
  </datafield>
  <datafield tag="310" ind1=" " ind2=" ">
    <subfield code="a">Frecuencia: Mensual</subfield>
  </datafield>
  <datafield tag="942" ind1=" " ind2=" ">
    <subfield code="c">SER</subfield>
  </datafield>
  <datafield tag="590" ind1=" " ind2=" ">
    <subfield code="a">niveau_biblio:s niveau_hierar:1</subfield>
  </datafield>
  <datafield tag="100" ind1="1" ind2=" ">
    <subfield code="a">Fondo Monetario Internacional</subfield>
  </datafield>
  <datafield tag="700" ind1="1" ind2=" ">
    <subfield code="a">Anderson, Roger V.</subfield>
  </datafield>
  <datafield tag="650" ind1=" " ind2=" ">
    <subfield code="a">Sistema monetario internacional</subfield>
  </datafield>
  <datafield tag="856" ind1="4" ind2="1">
    <subfield code="u">https://biblioeco.unsa.edu.ar/pmb/images/revistas/Staff Papers.jpg</subfield>
    <subfield code="y">Imagen de portada</subfield>
    <subfield code="q">image/jpeg</subfield>
  </datafield>
  <datafield tag="999" ind1=" " ind2=" ">
    <subfield code="c">8545</subfield>
    <subfield code="d">8545</subfield>
  </datafield>
  <datafield tag="952" ind1=" " ind2=" ">
    <subfield code="0">0</subfield>
    <subfield code="1">0</subfield>
    <subfield code="4">0</subfield>
    <subfield code="7">0</subfield>
    <subfield code="a">BCEJYS</subfield>
    <subfield code="b">BCEJYS</subfield>
    <subfield code="c">17</subfield>
    <subfield code="d">1985-09-01</subfield>
    <subfield code="h">Vol. XXXII, N&#xBA; 3 - sep. 1985</subfield>
    <subfield code="l">0</subfield>
    <subfield code="o">H339.9 STA v32.n3</subfield>
    <subfield code="p">R09669</subfield>
    <subfield code="r">2026-04-10 16:08:04</subfield>
    <subfield code="w">2026-04-10</subfield>
    <subfield code="y">RN</subfield>
  </datafield>
  <datafield tag="952" ind1=" " ind2=" ">
    <subfield code="0">0</subfield>
    <subfield code="1">0</subfield>
    <subfield code="4">0</subfield>
    <subfield code="7">0</subfield>
    <subfield code="a">BCEJYS</subfield>
    <subfield code="b">BCEJYS</subfield>
    <subfield code="c">17</subfield>
    <subfield code="d">1985-06-01</subfield>
    <subfield code="h">Vol. XXXII, N&#xBA; 2 - jun. 1985</subfield>
    <subfield code="l">0</subfield>
    <subfield code="o">H339.9 STA v32.n2</subfield>
    <subfield code="p">R09668</subfield>
    <subfield code="r">2026-04-10 16:08:04</subfield>
    <subfield code="w">2026-04-10</subfield>
    <subfield code="y">RN</subfield>
  </datafield>
  <datafield tag="952" ind1=" " ind2=" ">
    <subfield code="0">0</subfield>
    <subfield code="1">0</subfield>
    <subfield code="4">0</subfield>
    <subfield code="7">0</subfield>
    <subfield code="a">BCEJYS</subfield>
    <subfield code="b">BCEJYS</subfield>
    <subfield code="c">17</subfield>
    <subfield code="d">1984-12-02</subfield>
    <subfield code="h">dic. 1984</subfield>
    <subfield code="l">0</subfield>
    <subfield code="o">H339.9 STA v31.n1/2</subfield>
    <subfield code="p">R09667</subfield>
    <subfield code="r">2026-04-10 16:08:04</subfield>
    <subfield code="w">2026-04-10</subfield>
    <subfield code="y">RN</subfield>
  </datafield>
  <datafield tag="952" ind1=" " ind2=" ">
    <subfield code="0">0</subfield>
    <subfield code="1">0</subfield>
    <subfield code="4">0</subfield>
    <subfield code="7">0</subfield>
    <subfield code="a">BCEJYS</subfield>
    <subfield code="b">BCEJYS</subfield>
    <subfield code="c">17</subfield>
    <subfield code="d">1984-12-01</subfield>
    <subfield code="h">Vol. XXXI, N&#xBA; 4 - dic. 1984</subfield>
    <subfield code="l">0</subfield>
    <subfield code="o">H339.9 STA v31.n4</subfield>
    <subfield code="p">R09666</subfield>
    <subfield code="r">2026-04-10 16:08:04</subfield>
    <subfield code="w">2026-04-10</subfield>
    <subfield code="y">RN</subfield>
  </datafield>
  <datafield tag="952" ind1=" " ind2=" ">
    <subfield code="0">0</subfield>
    <subfield code="1">0</subfield>
    <subfield code="4">0</subfield>
    <subfield code="7">0</subfield>
    <subfield code="a">BCEJYS</subfield>
    <subfield code="b">BCEJYS</subfield>
    <subfield code="c">17</subfield>
    <subfield code="d">1984-09-01</subfield>
    <subfield code="h">Vol. XXXI, N&#xBA; 3 - sep. 1984</subfield>
    <subfield code="l">0</subfield>
    <subfield code="o">H339.9 STA v31.n3</subfield>
    <subfield code="p">R09665</subfield>
    <subfield code="r">2026-04-10 16:08:04</subfield>
    <subfield code="w">2026-04-10</subfield>
    <subfield code="y">RN</subfield>
  </datafield>
  <datafield tag="952" ind1=" " ind2=" ">
    <subfield code="0">0</subfield>
    <subfield code="1">0</subfield>
    <subfield code="4">0</subfield>
    <subfield code="7">0</subfield>
    <subfield code="a">BCEJYS</subfield>
    <subfield code="b">BCEJYS</subfield>
    <subfield code="c">17</subfield>
    <subfield code="d">1984-06-01</subfield>
    <subfield code="h">Vol. XXXI, N&#xBA; 2 - jun. 1984</subfield>
    <subfield code="l">0</subfield>
    <subfield code="o">H339.9 STA v31.n2</subfield>
    <subfield code="p">R09664</subfield>
    <subfield code="r">2026-04-10 16:08:04</subfield>
    <subfield code="w">2026-04-10</subfield>
    <subfield code="y">RN</subfield>
  </datafield>
  <datafield tag="952" ind1=" " ind2=" ">
    <subfield code="0">0</subfield>
    <subfield code="1">0</subfield>
    <subfield code="4">0</subfield>
    <subfield code="7">0</subfield>
    <subfield code="a">BCEJYS</subfield>
    <subfield code="b">BCEJYS</subfield>
    <subfield code="c">17</subfield>
    <subfield code="d">1984-03-01</subfield>
    <subfield code="h">Vol. XXXI, N&#xBA; 1 - mar. 1984</subfield>
    <subfield code="l">0</subfield>
    <subfield code="o">H339.9 STA v31.n1</subfield>
    <subfield code="p">R09663</subfield>
    <subfield code="r">2026-04-10 16:08:04</subfield>
    <subfield code="w">2026-04-10</subfield>
    <subfield code="y">RN</subfield>
  </datafield>
  <datafield tag="952" ind1=" " ind2=" ">
    <subfield code="0">0</subfield>
    <subfield code="1">0</subfield>
    <subfield code="4">0</subfield>
    <subfield code="7">0</subfield>
    <subfield code="a">BCEJYS</subfield>
    <subfield code="b">BCEJYS</subfield>
    <subfield code="c">17</subfield>
    <subfield code="d">1983-12-01</subfield>
    <subfield code="h">Vol. XXX, N&#xBA; 4 - dic. 1983</subfield>
    <subfield code="l">0</subfield>
    <subfield code="o">H339.9 STA v30.n4</subfield>
    <subfield code="p">R09662</subfield>
    <subfield code="r">2026-04-10 16:08:04</subfield>
    <subfield code="w">2026-04-10</subfield>
    <subfield code="y">RN</subfield>
  </datafield>
  <datafield tag="952" ind1=" " ind2=" ">
    <subfield code="0">0</subfield>
    <subfield code="1">0</subfield>
    <subfield code="4">0</subfield>
    <subfield code="7">0</subfield>
    <subfield code="a">BCEJYS</subfield>
    <subfield code="b">BCEJYS</subfield>
    <subfield code="c">17</subfield>
    <subfield code="d">1983-09-01</subfield>
    <subfield code="h">Vol. XXX, N&#xBA; 3 - sep. 1983</subfield>
    <subfield code="l">0</subfield>
    <subfield code="o">H339.9 STA v30.n3</subfield>
    <subfield code="p">R09661</subfield>
    <subfield code="r">2026-04-10 16:08:04</subfield>
    <subfield code="w">2026-04-10</subfield>
    <subfield code="y">RN</subfield>
  </datafield>
  <datafield tag="952" ind1=" " ind2=" ">
    <subfield code="0">0</subfield>
    <subfield code="1">0</subfield>
    <subfield code="4">0</subfield>
    <subfield code="7">0</subfield>
    <subfield code="a">BCEJYS</subfield>
    <subfield code="b">BCEJYS</subfield>
    <subfield code="c">17</subfield>
    <subfield code="d">1983-06-01</subfield>
    <subfield code="h">Vol. XXX, N&#xBA; 2 - jun. 1983</subfield>
    <subfield code="l">0</subfield>
    <subfield code="o">H339.9 STA v30.n2</subfield>
    <subfield code="p">R09660</subfield>
    <subfield code="r">2026-04-10 16:08:04</subfield>
    <subfield code="w">2026-04-10</subfield>
    <subfield code="y">RN</subfield>
  </datafield>
  <datafield tag="952" ind1=" " ind2=" ">
    <subfield code="0">0</subfield>
    <subfield code="1">0</subfield>
    <subfield code="4">0</subfield>
    <subfield code="7">0</subfield>
    <subfield code="a">BCEJYS</subfield>
    <subfield code="b">BCEJYS</subfield>
    <subfield code="c">17</subfield>
    <subfield code="d">1983-03-01</subfield>
    <subfield code="h">Vol. XXX, N&#xBA; 1 - mar. 1983</subfield>
    <subfield code="l">0</subfield>
    <subfield code="o">H339.9 STA v30.n1</subfield>
    <subfield code="p">R09659</subfield>
    <subfield code="r">2026-04-10 16:08:04</subfield>
    <subfield code="w">2026-04-10</subfield>
    <subfield code="y">RN</subfield>
  </datafield>
  <datafield tag="952" ind1=" " ind2=" ">
    <subfield code="0">0</subfield>
    <subfield code="1">0</subfield>
    <subfield code="4">0</subfield>
    <subfield code="7">0</subfield>
    <subfield code="a">BCEJYS</subfield>
    <subfield code="b">BCEJYS</subfield>
    <subfield code="c">17</subfield>
    <subfield code="d">1982-12-01</subfield>
    <subfield code="h">Vol. XXIX, N&#xBA; 4 - dic. 1982</subfield>
    <subfield code="l">0</subfield>
    <subfield code="o">H339.9 STA v29.n4</subfield>
    <subfield code="p">R09658</subfield>
    <subfield code="r">2026-04-10 16:08:04</subfield>
    <subfield code="w">2026-04-10</subfield>
    <subfield code="y">RN</subfield>
  </datafield>
  <datafield tag="952" ind1=" " ind2=" ">
    <subfield code="0">0</subfield>
    <subfield code="1">0</subfield>
    <subfield code="4">0</subfield>
    <subfield code="7">0</subfield>
    <subfield code="a">BCEJYS</subfield>
    <subfield code="b">BCEJYS</subfield>
    <subfield code="c">17</subfield>
    <subfield code="d">1982-09-01</subfield>
    <subfield code="h">Vol. XXIX, N&#xBA; 3 - sep. 1982</subfield>
    <subfield code="l">0</subfield>
    <subfield code="o">H339.9 STA v29.n3</subfield>
    <subfield code="p">R09657</subfield>
    <subfield code="r">2026-04-10 16:08:04</subfield>
    <subfield code="w">2026-04-10</subfield>
    <subfield code="y">RN</subfield>
  </datafield>
  <datafield tag="952" ind1=" " ind2=" ">
    <subfield code="0">0</subfield>
    <subfield code="1">0</subfield>
    <subfield code="4">0</subfield>
    <subfield code="7">0</subfield>
    <subfield code="a">BCEJYS</subfield>
    <subfield code="b">BCEJYS</subfield>
    <subfield code="c">17</subfield>
    <subfield code="d">1982-06-01</subfield>
    <subfield code="h">Vol. XXIX, N&#xBA; 2 - jun. 1982</subfield>
    <subfield code="l">0</subfield>
    <subfield code="o">H339.9 STA v29.n2</subfield>
    <subfield code="p">R09656</subfield>
    <subfield code="r">2026-04-10 16:08:04</subfield>
    <subfield code="w">2026-04-10</subfield>
    <subfield code="y">RN</subfield>
  </datafield>
  <datafield tag="952" ind1=" " ind2=" ">
    <subfield code="0">0</subfield>
    <subfield code="1">0</subfield>
    <subfield code="4">0</subfield>
    <subfield code="7">0</subfield>
    <subfield code="a">BCEJYS</subfield>
    <subfield code="b">BCEJYS</subfield>
    <subfield code="c">17</subfield>
    <subfield code="d">1982-03-01</subfield>
    <subfield code="h">Vol. XXIX, N&#xBA; 1 - mar. 1982</subfield>
    <subfield code="l">0</subfield>
    <subfield code="o">H339.9 STA v29.n1</subfield>
    <subfield code="p">R09655</subfield>
    <subfield code="r">2026-04-10 16:08:04</subfield>
    <subfield code="w">2026-04-10</subfield>
    <subfield code="y">RN</subfield>
  </datafield>
  <datafield tag="952" ind1=" " ind2=" ">
    <subfield code="0">0</subfield>
    <subfield code="1">0</subfield>
    <subfield code="4">0</subfield>
    <subfield code="7">0</subfield>
    <subfield code="a">BCEJYS</subfield>
    <subfield code="b">BCEJYS</subfield>
    <subfield code="c">17</subfield>
    <subfield code="d">1981-12-01</subfield>
    <subfield code="h">Vol. XXVIII, N&#xBA; 4 - dic. 1981</subfield>
    <subfield code="l">0</subfield>
    <subfield code="o">H339.9 STA v28.n4</subfield>
    <subfield code="p">R09654</subfield>
    <subfield code="r">2026-04-10 16:08:04</subfield>
    <subfield code="w">2026-04-10</subfield>
    <subfield code="y">RN</subfield>
  </datafield>
  <datafield tag="952" ind1=" " ind2=" ">
    <subfield code="0">0</subfield>
    <subfield code="1">0</subfield>
    <subfield code="4">0</subfield>
    <subfield code="7">0</subfield>
    <subfield code="a">BCEJYS</subfield>
    <subfield code="b">BCEJYS</subfield>
    <subfield code="c">17</subfield>
    <subfield code="d">1981-11-01</subfield>
    <subfield code="h">nov. 1981</subfield>
    <subfield code="l">0</subfield>
    <subfield code="o">H339.9 STA 1981</subfield>
    <subfield code="p">R09653</subfield>
    <subfield code="r">2026-04-10 16:08:04</subfield>
    <subfield code="w">2026-04-10</subfield>
    <subfield code="y">RN</subfield>
  </datafield>
  <datafield tag="952" ind1=" " ind2=" ">
    <subfield code="0">0</subfield>
    <subfield code="1">0</subfield>
    <subfield code="4">0</subfield>
    <subfield code="7">0</subfield>
    <subfield code="a">BCEJYS</subfield>
    <subfield code="b">BCEJYS</subfield>
    <subfield code="c">17</subfield>
    <subfield code="d">1981-09-01</subfield>
    <subfield code="h">Vol. XXVIII, N&#xBA; 3 - sep. 1981</subfield>
    <subfield code="l">0</subfield>
    <subfield code="o">H339.9 STA v28.n3</subfield>
    <subfield code="p">R09652</subfield>
    <subfield code="r">2026-04-10 16:08:04</subfield>
    <subfield code="w">2026-04-10</subfield>
    <subfield code="y">RN</subfield>
  </datafield>
  <datafield tag="952" ind1=" " ind2=" ">
    <subfield code="0">0</subfield>
    <subfield code="1">0</subfield>
    <subfield code="4">0</subfield>
    <subfield code="7">0</subfield>
    <subfield code="a">BCEJYS</subfield>
    <subfield code="b">BCEJYS</subfield>
    <subfield code="c">17</subfield>
    <subfield code="d">1981-03-01</subfield>
    <subfield code="h">Vol. XXVIII, N&#xBA; 1 - mar. 1981</subfield>
    <subfield code="l">0</subfield>
    <subfield code="o">H339.9 STA v28.n1</subfield>
    <subfield code="p">R09651</subfield>
    <subfield code="r">2026-04-10 16:08:04</subfield>
    <subfield code="w">2026-04-10</subfield>
    <subfield code="y">RN</subfield>
  </datafield>
  <datafield tag="952" ind1=" " ind2=" ">
    <subfield code="0">0</subfield>
    <subfield code="1">0</subfield>
    <subfield code="4">0</subfield>
    <subfield code="7">0</subfield>
    <subfield code="a">BCEJYS</subfield>
    <subfield code="b">BCEJYS</subfield>
    <subfield code="c">17</subfield>
    <subfield code="d">1980-12-01</subfield>
    <subfield code="h">Vol. XXVII, N&#xBA; 4 - dic. 1980</subfield>
    <subfield code="l">0</subfield>
    <subfield code="o">H339.9 STA v27n4</subfield>
    <subfield code="p">R09650</subfield>
    <subfield code="r">2026-04-10 16:08:04</subfield>
    <subfield code="w">2026-04-10</subfield>
    <subfield code="y">RN</subfield>
  </datafield>
  <datafield tag="952" ind1=" " ind2=" ">
    <subfield code="0">0</subfield>
    <subfield code="1">0</subfield>
    <subfield code="4">0</subfield>
    <subfield code="7">0</subfield>
    <subfield code="a">BCEJYS</subfield>
    <subfield code="b">BCEJYS</subfield>
    <subfield code="c">17</subfield>
    <subfield code="d">1980-09-01</subfield>
    <subfield code="h">Vol. XXVII, N&#xBA; 3 - sep. 1980</subfield>
    <subfield code="l">0</subfield>
    <subfield code="o">H339.9 STA v27.n3</subfield>
    <subfield code="p">R09649</subfield>
    <subfield code="r">2026-04-10 16:08:04</subfield>
    <subfield code="w">2026-04-10</subfield>
    <subfield code="y">RN</subfield>
  </datafield>
  <datafield tag="952" ind1=" " ind2=" ">
    <subfield code="0">0</subfield>
    <subfield code="1">0</subfield>
    <subfield code="4">0</subfield>
    <subfield code="7">0</subfield>
    <subfield code="a">BCEJYS</subfield>
    <subfield code="b">BCEJYS</subfield>
    <subfield code="c">17</subfield>
    <subfield code="d">1980-06-01</subfield>
    <subfield code="h">Vol. XXVII, N&#xBA; 2 - jun. 1980</subfield>
    <subfield code="l">0</subfield>
    <subfield code="o">H339.9 STA v27.n2</subfield>
    <subfield code="p">R09648</subfield>
    <subfield code="r">2026-04-10 16:08:04</subfield>
    <subfield code="w">2026-04-10</subfield>
    <subfield code="y">RN</subfield>
  </datafield>
  <datafield tag="952" ind1=" " ind2=" ">
    <subfield code="0">0</subfield>
    <subfield code="1">0</subfield>
    <subfield code="4">0</subfield>
    <subfield code="7">0</subfield>
    <subfield code="a">BCEJYS</subfield>
    <subfield code="b">BCEJYS</subfield>
    <subfield code="c">17</subfield>
    <subfield code="d">1980-03-01</subfield>
    <subfield code="h">Vol. XXVII, N&#xBA; 1 - mar. 1980</subfield>
    <subfield code="l">0</subfield>
    <subfield code="o">H339.9 STA v27.n1</subfield>
    <subfield code="p">R09647</subfield>
    <subfield code="r">2026-04-10 16:08:04</subfield>
    <subfield code="w">2026-04-10</subfield>
    <subfield code="y">RN</subfield>
  </datafield>
  <datafield tag="952" ind1=" " ind2=" ">
    <subfield code="0">0</subfield>
    <subfield code="1">0</subfield>
    <subfield code="4">0</subfield>
    <subfield code="7">0</subfield>
    <subfield code="a">BCEJYS</subfield>
    <subfield code="b">BCEJYS</subfield>
    <subfield code="c">17</subfield>
    <subfield code="d">1979-12-01</subfield>
    <subfield code="h">Vol. XXVI, N&#xBA; 4 - dic. 1979</subfield>
    <subfield code="l">0</subfield>
    <subfield code="o">H339.9 STA v26.n4</subfield>
    <subfield code="p">R09645</subfield>
    <subfield code="r">2026-04-10 16:08:04</subfield>
    <subfield code="w">2026-04-10</subfield>
    <subfield code="y">RN</subfield>
  </datafield>
  <datafield tag="952" ind1=" " ind2=" ">
    <subfield code="0">0</subfield>
    <subfield code="1">0</subfield>
    <subfield code="4">0</subfield>
    <subfield code="7">0</subfield>
    <subfield code="a">BCEJYS</subfield>
    <subfield code="b">BCEJYS</subfield>
    <subfield code="c">17</subfield>
    <subfield code="d">1979-09-01</subfield>
    <subfield code="h">Vol. XXVI, N&#xBA; 3 - sep. 1979</subfield>
    <subfield code="l">0</subfield>
    <subfield code="o">H339.9 STA v26.n3</subfield>
    <subfield code="p">R09644</subfield>
    <subfield code="r">2026-04-10 16:08:04</subfield>
    <subfield code="w">2026-04-10</subfield>
    <subfield code="y">RN</subfield>
  </datafield>
  <datafield tag="952" ind1=" " ind2=" ">
    <subfield code="0">0</subfield>
    <subfield code="1">0</subfield>
    <subfield code="4">0</subfield>
    <subfield code="7">0</subfield>
    <subfield code="a">BCEJYS</subfield>
    <subfield code="b">BCEJYS</subfield>
    <subfield code="c">17</subfield>
    <subfield code="d">1979-06-01</subfield>
    <subfield code="h">Vol. XXVI, N&#xBA; 2 - jun. 1979</subfield>
    <subfield code="l">0</subfield>
    <subfield code="o">H339.9 STA v26.n2</subfield>
    <subfield code="p">R09643</subfield>
    <subfield code="r">2026-04-10 16:08:04</subfield>
    <subfield code="w">2026-04-10</subfield>
    <subfield code="y">RN</subfield>
  </datafield>
  <datafield tag="952" ind1=" " ind2=" ">
    <subfield code="0">0</subfield>
    <subfield code="1">0</subfield>
    <subfield code="4">0</subfield>
    <subfield code="7">0</subfield>
    <subfield code="a">BCEJYS</subfield>
    <subfield code="b">BCEJYS</subfield>
    <subfield code="c">17</subfield>
    <subfield code="d">1979-03-01</subfield>
    <subfield code="h">Vol. XXVI, N&#xBA; 1 - mar. 1979</subfield>
    <subfield code="l">0</subfield>
    <subfield code="o">H339.9 STA v26.n1</subfield>
    <subfield code="p">R09642</subfield>
    <subfield code="r">2026-04-10 16:08:04</subfield>
    <subfield code="w">2026-04-10</subfield>
    <subfield code="y">RN</subfield>
  </datafield>
  <datafield tag="952" ind1=" " ind2=" ">
    <subfield code="0">0</subfield>
    <subfield code="1">0</subfield>
    <subfield code="4">0</subfield>
    <subfield code="7">0</subfield>
    <subfield code="a">BCEJYS</subfield>
    <subfield code="b">BCEJYS</subfield>
    <subfield code="c">17</subfield>
    <subfield code="d">1978-12-01</subfield>
    <subfield code="h">Vol. XXV, N&#xBA; 4 - dic. 1978</subfield>
    <subfield code="l">0</subfield>
    <subfield code="o">H339.9 STA v25.n4</subfield>
    <subfield code="p">R09641</subfield>
    <subfield code="r">2026-04-10 16:08:04</subfield>
    <subfield code="w">2026-04-10</subfield>
    <subfield code="y">RN</subfield>
  </datafield>
  <datafield tag="952" ind1=" " ind2=" ">
    <subfield code="0">0</subfield>
    <subfield code="1">0</subfield>
    <subfield code="4">0</subfield>
    <subfield code="7">0</subfield>
    <subfield code="a">BCEJYS</subfield>
    <subfield code="b">BCEJYS</subfield>
    <subfield code="c">17</subfield>
    <subfield code="d">1978-09-01</subfield>
    <subfield code="h">Vol. XXV, N&#xBA; 3 - sep.1978</subfield>
    <subfield code="l">0</subfield>
    <subfield code="o">H339.9 STA v25.n3</subfield>
    <subfield code="p">R09640</subfield>
    <subfield code="r">2026-04-10 16:08:04</subfield>
    <subfield code="w">2026-04-10</subfield>
    <subfield code="y">RN</subfield>
  </datafield>
  <datafield tag="952" ind1=" " ind2=" ">
    <subfield code="0">0</subfield>
    <subfield code="1">0</subfield>
    <subfield code="4">0</subfield>
    <subfield code="7">0</subfield>
    <subfield code="a">BCEJYS</subfield>
    <subfield code="b">BCEJYS</subfield>
    <subfield code="c">17</subfield>
    <subfield code="d">1978-06-01</subfield>
    <subfield code="h">Vol. XXV, N&#xBA; 2 - jun. 1978</subfield>
    <subfield code="l">0</subfield>
    <subfield code="o">H339.9 STA v25.n2</subfield>
    <subfield code="p">R09639</subfield>
    <subfield code="r">2026-04-10 16:08:04</subfield>
    <subfield code="w">2026-04-10</subfield>
    <subfield code="y">RN</subfield>
  </datafield>
  <datafield tag="952" ind1=" " ind2=" ">
    <subfield code="0">0</subfield>
    <subfield code="1">0</subfield>
    <subfield code="4">0</subfield>
    <subfield code="7">0</subfield>
    <subfield code="a">BCEJYS</subfield>
    <subfield code="b">BCEJYS</subfield>
    <subfield code="c">17</subfield>
    <subfield code="d">1978-03-01</subfield>
    <subfield code="h">Vol. XXV, N&#xBA; 1 - mar. 1978</subfield>
    <subfield code="l">0</subfield>
    <subfield code="o">H339.9 STA v25.n1</subfield>
    <subfield code="p">R09638</subfield>
    <subfield code="r">2026-04-10 16:08:04</subfield>
    <subfield code="w">2026-04-10</subfield>
    <subfield code="y">RN</subfield>
  </datafield>
  <datafield tag="952" ind1=" " ind2=" ">
    <subfield code="0">0</subfield>
    <subfield code="1">0</subfield>
    <subfield code="4">0</subfield>
    <subfield code="7">0</subfield>
    <subfield code="a">BCEJYS</subfield>
    <subfield code="b">BCEJYS</subfield>
    <subfield code="c">17</subfield>
    <subfield code="d">1977-11-01</subfield>
    <subfield code="h">Vol. XXIV, N&#xBA; 3 - nov. 1977</subfield>
    <subfield code="l">0</subfield>
    <subfield code="o">H339.9 STA v24.n3</subfield>
    <subfield code="p">R09637</subfield>
    <subfield code="r">2026-04-10 16:08:04</subfield>
    <subfield code="w">2026-04-10</subfield>
    <subfield code="y">RN</subfield>
  </datafield>
  <datafield tag="952" ind1=" " ind2=" ">
    <subfield code="0">0</subfield>
    <subfield code="1">0</subfield>
    <subfield code="4">0</subfield>
    <subfield code="7">0</subfield>
    <subfield code="a">BCEJYS</subfield>
    <subfield code="b">BCEJYS</subfield>
    <subfield code="c">17</subfield>
    <subfield code="d">1977-07-01</subfield>
    <subfield code="h">Vol. XXIV, N&#xBA; 2 - jul. 1977</subfield>
    <subfield code="l">0</subfield>
    <subfield code="o">H339.9 STA v24.n2</subfield>
    <subfield code="p">R09636</subfield>
    <subfield code="r">2026-04-10 16:08:04</subfield>
    <subfield code="w">2026-04-10</subfield>
    <subfield code="y">RN</subfield>
  </datafield>
  <datafield tag="952" ind1=" " ind2=" ">
    <subfield code="0">0</subfield>
    <subfield code="1">0</subfield>
    <subfield code="4">0</subfield>
    <subfield code="7">0</subfield>
    <subfield code="a">BCEJYS</subfield>
    <subfield code="b">BCEJYS</subfield>
    <subfield code="c">17</subfield>
    <subfield code="d">1977-03-01</subfield>
    <subfield code="h">Vol. XXIV, N&#xBA; 1 - mar. 1977</subfield>
    <subfield code="l">0</subfield>
    <subfield code="o">H339.9 STA v24.n1</subfield>
    <subfield code="p">R09635</subfield>
    <subfield code="r">2026-04-10 16:08:04</subfield>
    <subfield code="w">2026-04-10</subfield>
    <subfield code="y">RN</subfield>
  </datafield>
  <datafield tag="952" ind1=" " ind2=" ">
    <subfield code="0">0</subfield>
    <subfield code="1">0</subfield>
    <subfield code="4">0</subfield>
    <subfield code="7">0</subfield>
    <subfield code="a">BCEJYS</subfield>
    <subfield code="b">BCEJYS</subfield>
    <subfield code="c">17</subfield>
    <subfield code="d">1976-11-01</subfield>
    <subfield code="h">Vol. XXIII, N&#xBA; 3 - nov. 1976</subfield>
    <subfield code="l">0</subfield>
    <subfield code="o">H339.9 STA v23.n3</subfield>
    <subfield code="p">R09634</subfield>
    <subfield code="r">2026-04-10 16:08:04</subfield>
    <subfield code="w">2026-04-10</subfield>
    <subfield code="y">RN</subfield>
  </datafield>
  <datafield tag="952" ind1=" " ind2=" ">
    <subfield code="0">0</subfield>
    <subfield code="1">0</subfield>
    <subfield code="4">0</subfield>
    <subfield code="7">0</subfield>
    <subfield code="a">BCEJYS</subfield>
    <subfield code="b">BCEJYS</subfield>
    <subfield code="c">17</subfield>
    <subfield code="d">1976-07-01</subfield>
    <subfield code="h">Vol. XXIII, N&#xBA; 2 - jul. 1976</subfield>
    <subfield code="l">0</subfield>
    <subfield code="o">H339.9 STA v23.n2</subfield>
    <subfield code="p">R09633</subfield>
    <subfield code="r">2026-04-10 16:08:04</subfield>
    <subfield code="w">2026-04-10</subfield>
    <subfield code="y">RN</subfield>
  </datafield>
  <datafield tag="952" ind1=" " ind2=" ">
    <subfield code="0">0</subfield>
    <subfield code="1">0</subfield>
    <subfield code="4">0</subfield>
    <subfield code="7">0</subfield>
    <subfield code="a">BCEJYS</subfield>
    <subfield code="b">BCEJYS</subfield>
    <subfield code="c">17</subfield>
    <subfield code="d">1975-11-01</subfield>
    <subfield code="h">Vol. XXII, N&#xBA; 3 - nov. 1975</subfield>
    <subfield code="l">0</subfield>
    <subfield code="o">H339.9 STA v22.n3</subfield>
    <subfield code="p">R09632</subfield>
    <subfield code="r">2026-04-10 16:08:04</subfield>
    <subfield code="w">2026-04-10</subfield>
    <subfield code="y">RN</subfield>
  </datafield>
  <datafield tag="952" ind1=" " ind2=" ">
    <subfield code="0">0</subfield>
    <subfield code="1">0</subfield>
    <subfield code="4">0</subfield>
    <subfield code="7">0</subfield>
    <subfield code="a">BCEJYS</subfield>
    <subfield code="b">BCEJYS</subfield>
    <subfield code="c">17</subfield>
    <subfield code="d">1975-07-01</subfield>
    <subfield code="h">Vol. XXII, N&#xBA; 2 - jul. 1975</subfield>
    <subfield code="l">0</subfield>
    <subfield code="o">H339.9 STA v22.n2</subfield>
    <subfield code="p">R09631</subfield>
    <subfield code="r">2026-04-10 16:08:04</subfield>
    <subfield code="w">2026-04-10</subfield>
    <subfield code="y">RN</subfield>
  </datafield>
  <datafield tag="952" ind1=" " ind2=" ">
    <subfield code="0">0</subfield>
    <subfield code="1">0</subfield>
    <subfield code="4">0</subfield>
    <subfield code="7">0</subfield>
    <subfield code="a">BCEJYS</subfield>
    <subfield code="b">BCEJYS</subfield>
    <subfield code="c">17</subfield>
    <subfield code="d">1975-03-01</subfield>
    <subfield code="h">Vol. XXII, N&#xBA; 1 - mar. 1975</subfield>
    <subfield code="l">0</subfield>
    <subfield code="o">H339.9 STA v22.n1</subfield>
    <subfield code="p">R09630</subfield>
    <subfield code="r">2026-04-10 16:08:04</subfield>
    <subfield code="w">2026-04-10</subfield>
    <subfield code="y">RN</subfield>
  </datafield>
  <datafield tag="952" ind1=" " ind2=" ">
    <subfield code="0">0</subfield>
    <subfield code="1">0</subfield>
    <subfield code="4">0</subfield>
    <subfield code="7">0</subfield>
    <subfield code="a">BCEJYS</subfield>
    <subfield code="b">BCEJYS</subfield>
    <subfield code="c">17</subfield>
    <subfield code="d">1974-11-01</subfield>
    <subfield code="h">Vol. XXI, N&#xBA; 3 - nov. 1974</subfield>
    <subfield code="l">0</subfield>
    <subfield code="o">H339.9 STA v21.n3</subfield>
    <subfield code="p">R09629</subfield>
    <subfield code="r">2026-04-10 16:08:04</subfield>
    <subfield code="w">2026-04-10</subfield>
    <subfield code="y">RN</subfield>
  </datafield>
  <datafield tag="952" ind1=" " ind2=" ">
    <subfield code="0">0</subfield>
    <subfield code="1">0</subfield>
    <subfield code="4">0</subfield>
    <subfield code="7">0</subfield>
    <subfield code="a">BCEJYS</subfield>
    <subfield code="b">BCEJYS</subfield>
    <subfield code="c">17</subfield>
    <subfield code="d">1974-07-01</subfield>
    <subfield code="h">Vol. XXI, N&#xBA; 2 - jul. 1974</subfield>
    <subfield code="l">0</subfield>
    <subfield code="o">H339.9 STA v21.n2</subfield>
    <subfield code="p">R09628</subfield>
    <subfield code="r">2026-04-10 16:08:04</subfield>
    <subfield code="w">2026-04-10</subfield>
    <subfield code="y">RN</subfield>
  </datafield>
  <datafield tag="952" ind1=" " ind2=" ">
    <subfield code="0">0</subfield>
    <subfield code="1">0</subfield>
    <subfield code="4">0</subfield>
    <subfield code="7">0</subfield>
    <subfield code="a">BCEJYS</subfield>
    <subfield code="b">BCEJYS</subfield>
    <subfield code="c">17</subfield>
    <subfield code="d">1974-03-27</subfield>
    <subfield code="h">Vol. XXI, N&#xBA; 1 - mar. 1974</subfield>
    <subfield code="l">0</subfield>
    <subfield code="o">H339.9 STA v21.n1</subfield>
    <subfield code="p">R09627</subfield>
    <subfield code="r">2026-04-10 16:08:04</subfield>
    <subfield code="w">2026-04-10</subfield>
    <subfield code="y">RN</subfield>
  </datafield>
  <datafield tag="952" ind1=" " ind2=" ">
    <subfield code="0">0</subfield>
    <subfield code="1">0</subfield>
    <subfield code="4">0</subfield>
    <subfield code="7">0</subfield>
    <subfield code="a">BCEJYS</subfield>
    <subfield code="b">BCEJYS</subfield>
    <subfield code="c">17</subfield>
    <subfield code="d">1973-11-01</subfield>
    <subfield code="h">Vol. XX, N&#xBA; 3 - nov. 1973</subfield>
    <subfield code="l">0</subfield>
    <subfield code="o">H339.9 STA v20.n3</subfield>
    <subfield code="p">R09626</subfield>
    <subfield code="r">2026-04-10 16:08:04</subfield>
    <subfield code="w">2026-04-10</subfield>
    <subfield code="y">RN</subfield>
  </datafield>
  <datafield tag="952" ind1=" " ind2=" ">
    <subfield code="0">0</subfield>
    <subfield code="1">0</subfield>
    <subfield code="4">0</subfield>
    <subfield code="7">0</subfield>
    <subfield code="a">BCEJYS</subfield>
    <subfield code="b">BCEJYS</subfield>
    <subfield code="c">17</subfield>
    <subfield code="d">1973-07-01</subfield>
    <subfield code="h">Vol. XX, N&#xBA; 2 - jul. 1973</subfield>
    <subfield code="l">0</subfield>
    <subfield code="o">H339.9 STA v20.n2</subfield>
    <subfield code="p">R09625</subfield>
    <subfield code="r">2026-04-10 16:08:04</subfield>
    <subfield code="w">2026-04-10</subfield>
    <subfield code="y">RN</subfield>
  </datafield>
  <datafield tag="952" ind1=" " ind2=" ">
    <subfield code="0">0</subfield>
    <subfield code="1">0</subfield>
    <subfield code="4">0</subfield>
    <subfield code="7">0</subfield>
    <subfield code="a">BCEJYS</subfield>
    <subfield code="b">BCEJYS</subfield>
    <subfield code="c">17</subfield>
    <subfield code="d">1973-03-01</subfield>
    <subfield code="h">Vol. XX, N&#xBA; 1 - mar. 1973</subfield>
    <subfield code="l">0</subfield>
    <subfield code="o">H339.9 STA v20.n1</subfield>
    <subfield code="p">R09624</subfield>
    <subfield code="r">2026-04-10 16:08:04</subfield>
    <subfield code="w">2026-04-10</subfield>
    <subfield code="y">RN</subfield>
  </datafield>
  <datafield tag="952" ind1=" " ind2=" ">
    <subfield code="0">0</subfield>
    <subfield code="1">0</subfield>
    <subfield code="4">0</subfield>
    <subfield code="7">0</subfield>
    <subfield code="a">BCEJYS</subfield>
    <subfield code="b">BCEJYS</subfield>
    <subfield code="c">17</subfield>
    <subfield code="d">1972-11-01</subfield>
    <subfield code="h">Vol. XIX, N&#xBA; 3 - nov. 1972</subfield>
    <subfield code="l">0</subfield>
    <subfield code="o">H339.9 STA v19.n3</subfield>
    <subfield code="p">R09623</subfield>
    <subfield code="r">2026-04-10 16:08:04</subfield>
    <subfield code="w">2026-04-10</subfield>
    <subfield code="y">RN</subfield>
  </datafield>
  <datafield tag="952" ind1=" " ind2=" ">
    <subfield code="0">0</subfield>
    <subfield code="1">0</subfield>
    <subfield code="4">0</subfield>
    <subfield code="7">0</subfield>
    <subfield code="a">BCEJYS</subfield>
    <subfield code="b">BCEJYS</subfield>
    <subfield code="c">17</subfield>
    <subfield code="d">1972-07-01</subfield>
    <subfield code="h">Vol. XIX, N&#xBA; 2 - jul. 1972</subfield>
    <subfield code="l">0</subfield>
    <subfield code="o">H339.9 STA v19.n2</subfield>
    <subfield code="p">R09622</subfield>
    <subfield code="r">2026-04-10 16:08:04</subfield>
    <subfield code="w">2026-04-10</subfield>
    <subfield code="y">RN</subfield>
  </datafield>
  <datafield tag="952" ind1=" " ind2=" ">
    <subfield code="0">0</subfield>
    <subfield code="1">0</subfield>
    <subfield code="4">0</subfield>
    <subfield code="7">0</subfield>
    <subfield code="a">BCEJYS</subfield>
    <subfield code="b">BCEJYS</subfield>
    <subfield code="c">17</subfield>
    <subfield code="d">1972-03-01</subfield>
    <subfield code="h">Vol. XIX, N&#xBA; 1 - mar. 1972</subfield>
    <subfield code="l">0</subfield>
    <subfield code="o">H339.9 STA v19.n1</subfield>
    <subfield code="p">R09621</subfield>
    <subfield code="r">2026-04-10 16:08:04</subfield>
    <subfield code="w">2026-04-10</subfield>
    <subfield code="y">RN</subfield>
  </datafield>
  <datafield tag="952" ind1=" " ind2=" ">
    <subfield code="0">0</subfield>
    <subfield code="1">0</subfield>
    <subfield code="4">0</subfield>
    <subfield code="7">0</subfield>
    <subfield code="a">BCEJYS</subfield>
    <subfield code="b">BCEJYS</subfield>
    <subfield code="c">17</subfield>
    <subfield code="d">1971-11-01</subfield>
    <subfield code="h">Vol. XVIII, N&#xBA; 3 - nov. 1971</subfield>
    <subfield code="l">0</subfield>
    <subfield code="o">H339.9 STA v18.n3</subfield>
    <subfield code="p">R09620</subfield>
    <subfield code="r">2026-04-10 16:08:04</subfield>
    <subfield code="w">2026-04-10</subfield>
    <subfield code="y">RN</subfield>
  </datafield>
  <datafield tag="952" ind1=" " ind2=" ">
    <subfield code="0">0</subfield>
    <subfield code="1">0</subfield>
    <subfield code="4">0</subfield>
    <subfield code="7">0</subfield>
    <subfield code="a">BCEJYS</subfield>
    <subfield code="b">BCEJYS</subfield>
    <subfield code="c">17</subfield>
    <subfield code="d">1971-07-01</subfield>
    <subfield code="h">Vol. XVIII, N&#xBA; 2 - jul. 1971</subfield>
    <subfield code="l">0</subfield>
    <subfield code="o">H339.9 STA v18.n2</subfield>
    <subfield code="p">R09619</subfield>
    <subfield code="r">2026-04-10 16:08:05</subfield>
    <subfield code="w">2026-04-10</subfield>
    <subfield code="y">RN</subfield>
  </datafield>
  <datafield tag="952" ind1=" " ind2=" ">
    <subfield code="0">0</subfield>
    <subfield code="1">0</subfield>
    <subfield code="4">0</subfield>
    <subfield code="7">0</subfield>
    <subfield code="a">BCEJYS</subfield>
    <subfield code="b">BCEJYS</subfield>
    <subfield code="c">17</subfield>
    <subfield code="d">1971-03-01</subfield>
    <subfield code="h">Vol. XVIII, N&#xBA; 1 - mar. 1971</subfield>
    <subfield code="l">0</subfield>
    <subfield code="o">H339.9 STA v18.n1</subfield>
    <subfield code="p">R09618</subfield>
    <subfield code="r">2026-04-10 16:08:05</subfield>
    <subfield code="w">2026-04-10</subfield>
    <subfield code="y">RN</subfield>
  </datafield>
  <datafield tag="952" ind1=" " ind2=" ">
    <subfield code="0">0</subfield>
    <subfield code="1">0</subfield>
    <subfield code="4">0</subfield>
    <subfield code="7">0</subfield>
    <subfield code="a">BCEJYS</subfield>
    <subfield code="b">BCEJYS</subfield>
    <subfield code="c">17</subfield>
    <subfield code="d">1970-03-01</subfield>
    <subfield code="h">Vol. XVII, N&#xBA; 1 - mar. 1970</subfield>
    <subfield code="l">0</subfield>
    <subfield code="o">H339.9 STA v17.n1</subfield>
    <subfield code="p">R09617</subfield>
    <subfield code="r">2026-04-10 16:08:05</subfield>
    <subfield code="w">2026-04-10</subfield>
    <subfield code="y">RN</subfield>
  </datafield>
  <datafield tag="952" ind1=" " ind2=" ">
    <subfield code="0">0</subfield>
    <subfield code="1">0</subfield>
    <subfield code="4">0</subfield>
    <subfield code="7">0</subfield>
    <subfield code="a">BCEJYS</subfield>
    <subfield code="b">BCEJYS</subfield>
    <subfield code="c">17</subfield>
    <subfield code="d">1969-11-30</subfield>
    <subfield code="h">nov. 1969</subfield>
    <subfield code="l">0</subfield>
    <subfield code="o">H339.9 STA 1969</subfield>
    <subfield code="p">R09982</subfield>
    <subfield code="r">2026-04-10 16:08:05</subfield>
    <subfield code="w">2026-04-10</subfield>
    <subfield code="y">RN</subfield>
  </datafield>
  <datafield tag="952" ind1=" " ind2=" ">
    <subfield code="0">0</subfield>
    <subfield code="1">0</subfield>
    <subfield code="4">0</subfield>
    <subfield code="7">0</subfield>
    <subfield code="a">BCEJYS</subfield>
    <subfield code="b">BCEJYS</subfield>
    <subfield code="c">17</subfield>
    <subfield code="d">1969-11-01</subfield>
    <subfield code="h">Vol. XVI, N&#xBA; 3 - nov. 1969</subfield>
    <subfield code="l">0</subfield>
    <subfield code="o">H339.9 STA v16.n3</subfield>
    <subfield code="p">R09616</subfield>
    <subfield code="r">2026-04-10 16:08:05</subfield>
    <subfield code="w">2026-04-10</subfield>
    <subfield code="y">RN</subfield>
  </datafield>
  <datafield tag="952" ind1=" " ind2=" ">
    <subfield code="0">0</subfield>
    <subfield code="1">0</subfield>
    <subfield code="4">0</subfield>
    <subfield code="7">0</subfield>
    <subfield code="a">BCEJYS</subfield>
    <subfield code="b">BCEJYS</subfield>
    <subfield code="c">17</subfield>
    <subfield code="d">1969-07-01</subfield>
    <subfield code="h">Vol. XVI, N&#xBA; 2 - jul. 1969</subfield>
    <subfield code="l">0</subfield>
    <subfield code="o">H339.9 STA v16.n2</subfield>
    <subfield code="p">R09615</subfield>
    <subfield code="r">2026-04-10 16:08:05</subfield>
    <subfield code="w">2026-04-10</subfield>
    <subfield code="y">RN</subfield>
  </datafield>
  <datafield tag="952" ind1=" " ind2=" ">
    <subfield code="0">0</subfield>
    <subfield code="1">0</subfield>
    <subfield code="4">0</subfield>
    <subfield code="7">0</subfield>
    <subfield code="a">BCEJYS</subfield>
    <subfield code="b">BCEJYS</subfield>
    <subfield code="c">17</subfield>
    <subfield code="d">1969-03-01</subfield>
    <subfield code="h">Vol. XVI, N&#xBA; 1 - mar. 1969</subfield>
    <subfield code="l">0</subfield>
    <subfield code="o">H339.9 STA v16.n1</subfield>
    <subfield code="p">R09614</subfield>
    <subfield code="r">2026-04-10 16:08:05</subfield>
    <subfield code="w">2026-04-10</subfield>
    <subfield code="y">RN</subfield>
  </datafield>
  <datafield tag="952" ind1=" " ind2=" ">
    <subfield code="0">0</subfield>
    <subfield code="1">0</subfield>
    <subfield code="4">0</subfield>
    <subfield code="7">0</subfield>
    <subfield code="a">BCEJYS</subfield>
    <subfield code="b">BCEJYS</subfield>
    <subfield code="c">17</subfield>
    <subfield code="d">1968-11-01</subfield>
    <subfield code="h">Vol. XV, N&#xBA; 3 - nov. 1968</subfield>
    <subfield code="l">0</subfield>
    <subfield code="o">H339.9 STA v15.n3</subfield>
    <subfield code="p">R09613</subfield>
    <subfield code="r">2026-04-10 16:08:05</subfield>
    <subfield code="w">2026-04-10</subfield>
    <subfield code="y">RN</subfield>
  </datafield>
  <datafield tag="952" ind1=" " ind2=" ">
    <subfield code="0">0</subfield>
    <subfield code="1">0</subfield>
    <subfield code="4">0</subfield>
    <subfield code="7">0</subfield>
    <subfield code="a">BCEJYS</subfield>
    <subfield code="b">BCEJYS</subfield>
    <subfield code="c">17</subfield>
    <subfield code="d">1968-07-01</subfield>
    <subfield code="h">Vol. XV, N&#xBA; 2 - jul. 1968</subfield>
    <subfield code="l">0</subfield>
    <subfield code="o">H339.9 STA v15.n2</subfield>
    <subfield code="p">R09612</subfield>
    <subfield code="r">2026-04-10 16:08:05</subfield>
    <subfield code="w">2026-04-10</subfield>
    <subfield code="y">RN</subfield>
  </datafield>
  <datafield tag="952" ind1=" " ind2=" ">
    <subfield code="0">0</subfield>
    <subfield code="1">0</subfield>
    <subfield code="4">0</subfield>
    <subfield code="7">0</subfield>
    <subfield code="a">BCEJYS</subfield>
    <subfield code="b">BCEJYS</subfield>
    <subfield code="c">17</subfield>
    <subfield code="d">1967-11-01</subfield>
    <subfield code="h">Vol. XIV, N&#xBA; 3 - nov. 1967</subfield>
    <subfield code="l">0</subfield>
    <subfield code="o">H339.9 STA v14.n3</subfield>
    <subfield code="p">R09611</subfield>
    <subfield code="r">2026-04-10 16:08:05</subfield>
    <subfield code="w">2026-04-10</subfield>
    <subfield code="y">RN</subfield>
  </datafield>
  <datafield tag="952" ind1=" " ind2=" ">
    <subfield code="0">0</subfield>
    <subfield code="1">0</subfield>
    <subfield code="4">0</subfield>
    <subfield code="7">0</subfield>
    <subfield code="a">BCEJYS</subfield>
    <subfield code="b">BCEJYS</subfield>
    <subfield code="c">17</subfield>
    <subfield code="d">1967-07-01</subfield>
    <subfield code="h">Vol. XIV, N&#xBA; 2 - jul. 1967</subfield>
    <subfield code="l">0</subfield>
    <subfield code="o">H339.9 STA v14.n2</subfield>
    <subfield code="p">R09610</subfield>
    <subfield code="r">2026-04-10 16:08:05</subfield>
    <subfield code="w">2026-04-10</subfield>
    <subfield code="y">RN</subfield>
  </datafield>
  <datafield tag="952" ind1=" " ind2=" ">
    <subfield code="0">0</subfield>
    <subfield code="1">0</subfield>
    <subfield code="4">0</subfield>
    <subfield code="7">0</subfield>
    <subfield code="a">BCEJYS</subfield>
    <subfield code="b">BCEJYS</subfield>
    <subfield code="c">17</subfield>
    <subfield code="d">1967-03-01</subfield>
    <subfield code="h">Vol. XIV, N&#xBA; 1 - mar. 1967</subfield>
    <subfield code="l">0</subfield>
    <subfield code="o">H339.9 STA v14.n1</subfield>
    <subfield code="p">R09571</subfield>
    <subfield code="r">2026-04-10 16:08:05</subfield>
    <subfield code="w">2026-04-10</subfield>
    <subfield code="y">RN</subfield>
  </datafield>
</record>
